000 00636nam a2200217 a 4500
999 _c3427
_d3427
001 3427
003 BD-JhCC
005 20171113191903.0
008 171112s1967 bg ||||| |||| 00| 0 ben d
035 _a(BD-JhCC)
040 _aBD-JhCC
_dBD-JhCC
041 _aben
082 _a891.442
_bRAH 1967
100 _aরহমান, মীর আতাউর
245 _aরক্ত-রাঙা দিন /
_cমীর আতাউর রহমান
260 _aঢাকা :
_bসাহিত্য কুটির,
_c১৯৬৭.
300 _a66 p. :
_c22 cm.
650 _aBengali Drama
942 _2ddc
_cBK